000 00477nam a2200193 a 4500
999 _c1930
_d1930
008 191206s ii a|||g |||| 001 0 eng d
040 _aKO
_beng
041 0 _aeng
044 _aii
082 0 4 _223
_a153.9
_bIq1
245 1 0 _aIQ Brain Teasers /
_ccompiled by Joe Cameron
260 _aMumbai :
_bJaico Publishing House,
_c[19--?].
300 _a32 p.;
_c18 cm.
650 0 _aIntelligence tests
700 _aCameron, Joe
_ecom
904 _aA_BOSE
942 _cBK